Catálogo
 En Linea

Cambios políticos en Venezuela : (Registro nro. 43495)

Detalles MARC
000 -CABECERA
campo de control de longitud fija 00686nam a2200169 a 4500
001 - NÚMERO DE CONTROL
campo de control 000044006
005 - FECHA Y HORA DE LA ÚLTIMA TRANSACCIÓN
campo de control 20201002045104.0
008 - DATOS DE LONGITUD FIJA--INFORMACIÓN GENERAL
campo de control de longitud fija 140513s1967 ve 001 0 spa d
040 ## - FUENTE DE LA CATALOGACIÓN
Centro catalogador/agencia de origen DO-SdBNP
Lengua de catalogación spa
Centro/agencia transcriptor BNPHU
100 1# - ENTRADA PRINCIPAL--NOMBRE DE PERSONA
Nombre de persona Bonilla, Frank
9 (RLIN) 71972
245 10 - MENCIÓN DE TÍTULO
Título Cambios políticos en Venezuela :
Resto del título exploraciones en análisis y en síntesis /
Mención de responsabilidad, etc. Frank Bonilla, José A. Silva Michelena.
260 ## - PUBLICACIÓN, DISTRIBUCIÓN, ETC.
Lugar de publicación, distribución, etc. Caracas, Venezuela :
Nombre del editor, distribuidor, etc. Centro de Estudios del Desarrollo
-- Universidad Central de Venezuela,
Fecha de publicación, distribución, etc. 1967.
300 ## - DESCRIPCIÓN FÍSICA
Extensión 540 p. ;
Dimensiones 24 cm.
500 ## - NOTA GENERAL
Nota general Incluye índice
504 ## - NOTA DE BIBLIOGRAFÍA, ETC.
Nota de bibliografía, etc. Incluye referencias bibliográficas y notas al pie de las páginas
700 12 - PUNTO DE ACCESO ADICIONAL--NOMBRE DE PERSONA
Nombre de persona Silva Michelena, Jose Agustin
9 (RLIN) 70483
Existencias
Estado de retiro Estado de pérdida Restricciones de uso No para préstamo Código de colección Localización permanente Ubicación/localización actual Ubicación en estantería Fecha de adquisición Número de inventario Total de préstamos Signatura topográfica completa Código de barras Fecha visto por última vez Precio válido a partir de Tipo de ítem Koha
        Monografías: Libros y Folletos General General Orden iniciada 13.05.2014 LF1   44006-10 25.06.2020 25.06.2020 No se presta

Con tecnología Koha